|
|
|
|
| LEADER |
00000nab a2200000ua 4500 |
| 001 |
vtls010754448 |
| 003 |
SK-MaSNL |
| 005 |
20260304235653.0 |
| 008 |
250718s1988 xo |||||||||||||||||slo| |
| 035 |
|
|
|a (urnnbn)urn:nbn:sk:snk:ar-a006ub
|
| 035 |
|
|
|a (uuid)531124eb-e0b5-4696-ac26-5a4ef54ee4b2
|
| 035 |
|
|
|a urn:nbn:sk:snk-ab45b8
|
| 040 |
|
|
|a SNKBUCL
|b slo
|c SNKBUCL
|e AACR2
|
| 041 |
0 |
|
|a slo
|
| 044 |
|
|
|a xo
|c SK
|
| 100 |
1 |
|
|a Aich, Péter,
|d 1942-
|4 aut
|9 91185
|
| 245 |
1 |
0 |
|a DO ŠKOLY AJ PO ŠKOLE
|c Peter Aich
|
| 650 |
0 |
7 |
|a stredné odborné učilištia
|2 SNKPH
|9 30904
|
| 650 |
0 |
7 |
|a strojárstvo
|2 SNKPH
|9 674
|
| 650 |
0 |
7 |
|a štúdium a výučba
|2 SNKPH
|9 3982
|
| 773 |
0 |
|
|t Rodina a škola
|g Roč. 35, č. 5 (1988), s. 20-21
|
| 850 |
|
|
|a Slovenská národná knižnica
|
| 852 |
|
|
|a Slovenská národná knižnica
|
| 954 |
|
|
|a odborná, vedecká literatúra pôvodná (slovenská)
|2 lita
|
| 958 |
|
|
|a article3
|
| 958 |
|
|
|a OND
|
| 958 |
|
|
|a EUIPO
|
| 999 |
|
|
|c 3209939
|d 3211869
|